Estratègies vers la ciutat de baixa densitat : de la contenció a la gestió / coordinador: Francesc Muñoz de la contenció a la gestió / coordinador:
ISBN:
978-84-9803-415-8
Publicado:
Barcelona :
Diputació de Barcelona. Àrea de Presidència. Direcció d'Estudis i Prospectiva. Observatori Territorial ,
2011
Descripción Física:
515 p. : map. ; 24 cm
Colección:
Estudis. Territori ; 9
Otros Autores:
Muñoz, Francesc, coord
MARC
| LEADER | 00000nam a2200000Ia 4500 | ||
|---|---|---|---|
| 001 | 23317 | ||
| 008 | 160829s2011 xx 000 0 cat d | ||
| 020 | |a 978-84-9803-415-8 | ||
| 080 | |a M-6-412 | ||
| 245 | |a Estratègies vers la ciutat de baixa densitat : |b de la contenció a la gestió / coordinador: |b Francesc Muñoz | ||
| 260 | |a Barcelona : |b Diputació de Barcelona. Àrea de Presidència. Direcció d'Estudis i Prospectiva. Observatori Territorial, |c 2011 | ||
| 300 | |a 515 p. : |b map. ; |c 24 cm | ||
| 490 | |a Estudis. Territori ; 9 | ||
| 650 | |a Barris |9 45803 | ||
| 650 | |a Urbanitzacions |9 48668 | ||
| 650 | |a Ciutats I |9 48669 | ||
| 650 | |a Urbanisme |9 30914 | ||
| 650 | 0 | |a Municipis |x Govern i administració |9 22275 | |
| 700 | |a Muñoz, Francesc, coord. |9 48671 | ||
| 710 | 1 | |a Barcelona (Catalunya : Província). |b Direcció d'Estudis i Prospectiva |9 54963 | |
| 901 | |a Arxiu | ||
| 942 | |n 1 | ||
| 952 | |0 0 |1 0 |4 0 |6 M6412 |7 1 |9 54754 |a Arxiu |b Arxiu |d 2011-11-04 |l 0 |o M-6-412 |p 23317 |r 2016-12-01 00:00:00 |w 2016-12-01 |y ARXIU | ||
| 999 | |c 58623 |d 58623 | ||